000 02180cam a22002894a 4500
999 _c129393
_d129393
001 15170922
003 ARRUPE
005 20190423123148.0
008 080206s2008 inu b 001 0 eng
010 _a 2008005183
020 _a9780268034092 (pbk.)
020 _a0268034095 (pbk.)
040 _aDLC
_cDLC
_dDLC
050 0 0 _aBT77
_b.L29 2008
082 0 0 _a230
_222
100 1 _aLash, Nicholas.
_945804
245 1 0 _aTheology for pilgrims /
_cNicholas Lash.
260 _aNotre Dame, Ind. :
_bUniversity of Notre Dame Press,
_cc2008.
300 _axiii, 302 p. ;
_c22 cm.
504 _aIncludes bibliographical references and index.
505 0 _aPart one: Thinking of God without Losing Our Way -- 1. Where does The God Delusion come from? -- 2. The impossibility of atheism -- 3. Amongst strangers and friends: thinking of God in our current confusion -- 4. Recovering contingency -- 5. Renewed, dissolved, remembered: MacKinnon and metaphysics -- Part two: Road-signs: Theology and Other Things We Say -- 6. 'Visio unica et ordinata scientiae'? -- 7. 'An immense darkness' and the tasks of theology -- 8. Reason, fools and Rameau's nephew -- 9. Where does holy teaching leave philosophy? questions on Milbank's Aquinas -- Part three: Road-works: Theology and other things we do: -- 10. Conversion in context -- 11. Sebastiano in Pallara: a pilgrim's tale -- 12. Fear of the dark -- 13. Travellers' fare -- 14. The subversiveness of catholicity -- Part four: The Struggle for the Council: -- 15. Vatican II: of happy memory - and hope? -- 16. What happened at Vatican II? -- 17. On re-reading Vatican II -- 18. In the spirit of Vatican II?
610 2 0 _aCatholic Church
_xDoctrines.
_945805
650 0 _aTheology.
_945806
650 0 _aApologetics.
_945807
856 4 1 _3Table of contents only
_uhttp://www.loc.gov/catdir/toc/ecip0810/2008005183.html
906 _a7
_bcbc
_corignew
_d1
_eecip
_f20
_gy-gencatlg
942 _2lcc
_cMONOGRAPH